| 000 | 00821nam a22002417a 4500 | ||
|---|---|---|---|
| 003 | 0 | ||
| 005 | 20250909092246.0 | ||
| 008 | 250909b xxu||||| |||| 00| 0 eng d | ||
| 020 | _a979-8-214-14338-5 | ||
| 050 |
_aBF 311 _b.G65 2026 |
||
| 100 |
_aGoldstein, E. Bruce, _eauthor. |
||
| 245 |
_aCognitive psychology : _bconnecting mind, research, and everyday experience / _cE. Bruce Goldstein and Ralph G. Hale. |
||
| 250 | _aSixth edition. | ||
| 260 |
_aMason, OH : _bCengage, _c2026. |
||
| 300 |
_axix, 510 pages : _bcolored illustrations ; _c28 cm. |
||
| 504 | _aIncludes bibliographical references and index. | ||
| 650 |
_aCognitive psychology _xTextbooks. |
||
| 650 | _aCognition. | ||
| 650 |
_aCognition _xResearch. |
||
| 650 | _aPsychology, Cognitive. | ||
| 700 |
_aHale, Ralph G., _eauthor. |
||
| 942 |
_2lcc _cBK |
||
| 999 |
_c367824 _d367824 |
||